书目信息 |
| 题名: |
电脑英语
|
|
| 作者: | 陈鑫源 , 江敏 编著 | |
| 分册: | ||
| 出版信息: | 上海 上海交通大学出版社 1997.08 |
|
| 页数: | 232页 | |
| 开本: | 32开 | |
| 丛书名: | ||
| 单 册: | ||
| 中图分类: | H319.4:TP | |
| 科图分类: | ||
| 主题词: | 英语 | |
| 电子资源: | ||
| ISBN: | 7-313-01892-4 | |
| 000 | 00586nam0 2200205 45 | |
| 001 | 0011250946 | |
| 005 | 20001125093052.7 | |
| 010 | @a7-313-01892-4@d10.00元 | |
| 100 | @a20001125d1997 km y0chiy0120 ea | |
| 101 | 0 | @achi |
| 105 | @a z 000yy | |
| 200 | 1 | @a电脑英语@ADian Nao Ying Yu@f陈鑫源,江敏编著@FChen Xin Yuan,Jiang Min Bian Zhu |
| 210 | @a上海@c上海交通大学出版社@d1997.08 | |
| 215 | @a232页@d32开 | |
| 606 | 0 | @a英语 |
| 690 | @aH319.4:TP@v3 | |
| 701 | 0 | @a陈鑫源@4编著 |
| 701 | 0 | @a江敏@4编著 |
| 801 | @aCN@bPftUser@c20001125 | |
| 905 | @b503005-009@dH319.4:TP@eCH928@f5 | |
| 电脑英语/陈鑫源,江敏编著.-上海:上海交通大学出版社,1997.08 |
| 232页;32开 |
| ISBN 7-313-01892-4:10.00元 |
| ● |
| 相关链接 |
|
|
|
正题名:电脑英语
索取号:H319.4:TP/CH928
 
预约/预借
| 序号 | 登录号 | 条形码 | 馆藏地/架位号 | 状态 | 备注 |
| 1 | 503005 | 205030054 | 语言库209/209语言库 26排2列6层/ [索取号:H319.4:TP/CH928] | 在馆 | |
| 2 | 503006 | 205030063 | 社科二线400B/209语言库 26排2列6层/ [索取号:H319.4:TP/CH928] | 在馆 | |
| 3 | 503007 | 205030072 | 语言库209/209语言库 26排2列6层/ [索取号:H319.4:TP/CH928] | 在馆 | |
| 4 | 503008 | 205030081 | 社科二线400B/400B社科库 12排3列1层/ [索取号:H319.4:TP/CH928] | 在馆 | |
| 5 | 503009 | 205030090 | 语言库209/209语言库 26排2列6层/ [索取号:H319.4:TP/CH928] | 在馆 |